Grandi artisti del '700 - Statistics

Statistiche generali
  • Questo quiz è stato fatto 151 volte
  • Il punteggio medio è 4 su 9
Statistiche sulle risposte
con Immagini Hint Risposta % Corretto
Amore e Psiche (1793) Antonio Canova
93%
La morte di Marat (1793) Jacques-Louis David
73%
Reggia di Caserta (1752-1845) Luigi Vanvitelli
61%
Il Bucintoro al Molo il giorno dell'Ascensione (1740) Canaletto
58%
Palazzina di caccia di Stupinigi (1729-33) Filippo Juvarra
33%
Il banchetto di Cleopatra (1743-44) Giambattista Tiepolo
23%
Parnaso (1761) Anton Raphael Mengs
11%
Il contratto - ciclo del Matrimonio alla moda (1744) William Hogarth
9%
Pastorello in piedi (1740) Pietro Longhi
5%
Nessun quiz corrispondente trovato
Distribuzione punteggi
Percentuale di utenti per punteggio
Percentile per numero di risposta
I tuoi punteggi nel tempo
Non hai fatto questo quiz